Statistics for 1970s Albums

Click here to take the quiz!

General Stats

  • This quiz has been taken 22,762 times
  • The average score is 13 of 20

Answer Stats

YearAlbumArtist or Group% Correct
1970Let it BeThe Beatles
97%
1976Hotel CaliforniaEagles
95%
1973Dark Side of the MoonPink Floyd
93%
1975Born to RunBruce Springsteen
82%
1973Goodbye Yellow Brick RoadElton John
81%
1970Bridge Over Troubled WaterSimon & Garfunkel
77%
1977Saturday Night Fever
soundtrack
Bee Gees
76%
1977RumoursFleetwood Mac
74%
1979London CallingThe Clash
73%
1977Bat Out of HellMeat Loaf
70%
1976Dirty Deeds Done Dirt CheapAC/DC
67%
1970ParanoidBlack Sabbath
67%
1972Exile on Main StThe Rolling Stones
62%
1973Let's Get it OnMarvin Gaye
61%
1973Houses of the HolyLed Zeppelin
60%
1979Off the WallMichael Jackson
55%
1975Blood on the TracksBob Dylan
40%
1973InnervisionsStevie Wonder
30%
1977Rocket to RussiaRamones
23%
1973Call MeAl Green
11%

Score Distribution

Percentile by Number Answered

Percent of People with Each Score

Your Score History

You have not taken this quiz